| 000 | 01102nam a2200349 a 4500 | ||
|---|---|---|---|
| 003 | AR-BaBNM | ||
| 005 | 20251128210213.0 | ||
| 008 | 082120s2002 ||||||||||||||000 | spa|| | ||
| 020 | _a84-7884-171-7 | ||
| 040 | _cAR-BaBNM | ||
| 111 | 2 |
_aCongreso de CEAPA sobre Necesidades Educativas Especiales _cVitoria-Gasteiz, España _9oct. 20-22 _d1995 |
|
| 245 | 0 | 0 | _aLa escuela que incluye las diferencias, excluye las desigualdades |
| 260 |
_aMadrid _bPopular _c1996 |
||
| 300 |
_a187 p. _btablas |
||
| 500 | _aAnexo p. 180-187 | ||
| 650 | 4 | _aEDUCACION ESPECIAL | |
| 650 | 4 | _aDESARROLLO MOTOR | |
| 650 | 4 | _aACTIVIDADES FISICAS | |
| 650 | 4 | _aINTEGRACION ESCOLAR | |
| 650 | 4 | _aESTIMULACION TEMPRANA | |
| 650 | 4 | _aEXPERIENCIA PEDAGOGICA | |
| 653 | _aNECESIDADES EDUCATIVAS ESPECIALES | ||
| 653 | _aDISCAPACIDAD MOTORA | ||
| 653 | _aDISCRIMINACION EDUCATIVA | ||
| 653 | _aDISCAPACIDAD MENTAL | ||
| 653 | _aDISCAPACIDAD VISUAL | ||
| 653 | _aESTRATEGIAS EDUCATIVAS | ||
| 700 | 1 |
_aDelgado, Francisco _ecoordinador |
|
| 700 | 1 |
_aBerbeira, Fran _erevisión |
|
| 942 | _cBK | ||
| 998 | _cRaquel | ||
| 999 |
_c14492 _d14492 |
||